Silver Spoon (All Lyrics) - Erin LeCount - Statistics

General Stats
  • This quiz has been taken 26 times
    24 since last reset
  • The average score is 329 of 450
Answer Stats
Answer % Correct
a
100%
A
100%
and
100%
And
100%
I
100%
at
91%
But
91%
but
91%
eat
91%
good
91%
I'll
91%
love
91%
my
91%
silver
91%
Silver
91%
that
91%
That
91%
to
91%
To
91%
was
91%
we
91%
were
91%
We're
91%
you
91%
You
91%
your
91%
Your
91%
be
82%
do
82%
for
82%
grazing
82%
grew
82%
I'm
82%
it
82%
knees
82%
learn
82%
me
82%
spoons
82%
spoons,
82%
the
82%
up
82%
What
82%
able
73%
ask
73%
asked
73%
being
73%
bet
73%
branch
73%
butter
73%
corrupt
73%
day
73%
don't
73%
eating
73%
ever
73%
family
73%
Fed
73%
from
73%
get
73%
grateful
73%
how
73%
if
73%
In
73%
in
73%
Is
73%
is
73%
kid
73%
kids,
73%
knives
73%
know
73%
like
73%
no
73%
of
73%
on
73%
product
73%
reasons
73%
receive
73%
so
73%
this
73%
tree
73%
watch
73%
when
73%
When
73%
wine
73%
about
64%
Before
64%
brought
64%
down
64%
every
64%
fall
64%
fatal
64%
frames
64%
garden
64%
goes
64%
house
64%
knee-jerk
64%
laughing
64%
left
64%
lipstick
64%
mean
64%
medicine
64%
not
64%
party
64%
Put
64%
reaction
64%
refuse
64%
spreading
64%
stare
64%
sweet
64%
table
64%
Then
64%
thin
64%
wasn't
64%
who
64%
younger
64%
accent
55%
afar
55%
All
55%
alright
55%
another
55%
are
55%
by
55%
'Cause
55%
changed
55%
disaster,
55%
getting
55%
happen?
55%
heart
55%
hope
55%
I'd
55%
I've
55%
life,
55%
life
55%
light
55%
lovers
55%
maybe
55%
Maybe
55%
mother
55%
own
55%
panicked
55%
said
55%
said,
55%
spilt
55%
throw
55%
wish
55%
wooden
55%
always
45%
back
45%
case
45%
come
45%
cruel
45%
did
45%
door
45%
everyone
45%
false
45%
fend
45%
fight,
45%
folks
45%
gate
45%
gave
45%
got
45%
hand
45%
home
45%
it's
45%
job
45%
kind,
45%
known
45%
late
45%
Living
45%
meant
45%
mouth,
45%
mouth
45%
myself,
45%
name
45%
photographs
45%
pull
45%
resentment
45%
sensible
45%
someday
45%
thanks,
45%
through
45%
weeds
45%
welcome
45%
you'd
45%
You're
45%
around
36%
full
36%
hating
36%
helpings,
36%
second
36%
starts
36%
swallow
36%
take
36%
visit,
36%
could
27%
into
27%
Just
27%
learned
27%
Somebody
27%
something
27%
us
27%
feed
18%
give
18%
time
18%
No matching quizzes found
Score Distribution
Percent of People with Each Score
Percentile by Number Answered
Your Score History
You have not taken this quiz since the last reset